[Event "Manila Pichay Cup 6th"]
[Site "Manila"]
[Date "2010.08.22"]
[Round "2"]
[White "Garma, Chito"]
[Black "Bhagwat, Vinod"]
[Result "1-0"]
[WhiteElo "2341"]
[BlackElo "2175"]
[PlyCount "77"]
[EventDate "2010.08.21"]
[EventType "swiss"]
[EventRounds "9"]
[EventCountry "PHI"]
[SourceTitle "CBM 138 Extra"]
[Source "ChessBase"]
[SourceDate "2010.10.29"]
[SourceVersion "1"]
[SourceVersionDate "2010.10.29"]
[SourceQuality "1"]

1. e4 d6 2. d4 Nf6 3. Nc3 e5 4. Nf3 Nbd7 5. Bc4 Be7 6. 0-0 0-0 7. a4 c6 8. Ba2 b6 9. Qe2 Qc7 10. Rd1 exd4 11. Nxd4 Nc5 12. Bf4 Re8 13. b4 Ne6 14. Bxe6 Bxe6 15. b5 Bd7 16. bxc6 Bxc6 17. Ndb5 Bxb5 18. Nxb5 Qc6 19. Rd4 Bf8 20. Re1 d5 21. Nc7 Bc5 22. Nxe8 Rxe8 23. Rdd1 Nxe4 24. Bg3 Bb4 25. c3 Bxc3 26. Qc2 f5 27. Re3 Rc8 28. Qb3 Qc4 29. Qb5 Bd4 30. Red3 Qxb5 31. axb5 Bf6 32. Kf1 d4 33. Ra3 Rc5 34. Rxa7 Rxb5 35. Bf4 h6 36. f3 Nc3 37. Re1 Rb2 38. Rd7 Rb5 39. Bxh6 1-0

[Event "Dubai op 12th"]
[Site "Dubai"]
[Date "2010.04.12"]
[Round "8"]
[White "Harutjunyan, Gevorg"]
[Black "Bhagwat, Vinod"]
[Result "1-0"]
[WhiteElo "2476"]
[BlackElo "2214"]
[PlyCount "73"]
[EventDate "2010.04.05"]
[EventType "swiss"]
[EventRounds "9"]
[EventCountry "UAE"]
[SourceTitle "CBM 135 Extra"]
[Source "ChessBase"]
[SourceDate "2010.05.04"]
[SourceVersion "1"]
[SourceVersionDate "2010.05.04"]
[SourceQuality "1"]

1. Nf3 d5 2. g3 c6 3. Bg2 Bg4 4. d3 Nd7 5. Nbd2 e6 6. 0-0 Ngf6 7. b3 Bc5 8. Bb2 0-0 9. Qe1 Qe7 10. a3 a5 11. e4 dxe4 12. dxe4 e5 13. h3 Bxf3 14. Nxf3 b5 15. Kh1 Rfe8 16. Nh4 Nf8 17. Nf5 Qc7 18. Qc3 N6d7 19. f4 Ne6 20. Qf3 Bf8 21. Rad1 f6 22. Qg4 Kh8 23. Nh4 Rad8 24. Rd3 a4 25. b4 c5 26. bxc5 Nexc5 27. Rd5 Ne6 28. Qh5 Kg8 29. Bc1 b4 30. axb4 Bxb4 31. Rfd1 a3 32. Rxd7 Rxd7 33. Qxe8+ Nf8 34. Rxd7 Qxd7 35. Qxd7 Nxd7 36. Bf1 Nc5 37. Bc4+ 1-0

[Event "Dubai op 12th"]
[Site "Dubai"]
[Date "2010.04.05"]
[Round "1"]
[White "Bhagwat, Vinod"]
[Black "Sargissian, Gabriel"]
[Result "1/2-1/2"]
[WhiteElo "2214"]
[BlackElo "2675"]
[PlyCount "85"]
[EventDate "2010.04.05"]
[EventType "swiss"]
[EventRounds "9"]
[EventCountry "UAE"]
[SourceTitle "CBM 135 Extra"]
[Source "ChessBase"]
[SourceDate "2010.05.04"]
[SourceVersion "1"]
[SourceVersionDate "2010.05.04"]
[SourceQuality "1"]

1. d4 Nf6 2. c4 e6 3. Nc3 Bb4 4. Qc2 0-0 5. e4 d6 6. e5 dxe5 7. dxe5 Ng4 8. Nf3 Nc6 9. Bf4 Nd4 10. Qe4 Bc5 11. Bg3 f5 12. exf6 Nxf6 13. Qd3 e5 14. Nxd4 exd4 15. 0-0-0 c6 16. Na4 b6 17. Be2 Be6 18. Bf3 Bg4 19. Nxc5 bxc5 20. Bxc6 Bxd1 21. Rxd1 Rc8 22. Bb7 Rc7 23. Bxc7 Qxc7 24. Bf3 Qxh2 25. Qf5 Qc7 26. Re1 Qa5 27. Re7 Qxa2 28. Qxc5 Qa1+ 29. Kc2 d3+ 30. Kc3 Qc1+ 31. Kb3 a5 32. Bd5+ Nxd5 33. Qxd5+ Kh8 34. Qe5 Qd1+ 35. Ka3 Qa1+ 36. Kb3 Qd1+ 37. Ka3 Rg8 38. Rxg7 Qa1+ 39. Kb3 Qd1+ 40. Ka3 Qa1+ 41. Kb3 Qd1+ 42. Ka3 Qa1+ 43. Kb3 1/2-1/2

[Event "Chennai op 2nd"]
[Site "Chennai"]
[Date "2010.01.26"]
[Round "3"]
[White "Bhagwat, Vinod"]
[Black "Meenakshi, Subbaraman"]
[Result "0-1"]
[WhiteElo "2170"]
[BlackElo "2353"]
[PlyCount "92"]
[EventDate "2010.01.25"]
[EventType "swiss"]
[EventRounds "11"]
[EventCountry "IND"]
[SourceTitle "CBM 134 Extra"]
[Source "ChessBase"]
[SourceDate "2010.03.03"]
[SourceVersion "1"]
[SourceVersionDate "2010.03.03"]
[SourceQuality "1"]

1. d4 d6 2. c4 e5 3. Nf3 e4 4. Ng5 f5 5. Nc3 Nf6 6. Nh3 Be7 7. g3 c6 8. Bg2 Na6 9. 0-0 0-0 10. f3 Kh8 11. Kh1 d5 12. cxd5 cxd5 13. Qb3 Qb6 14. Qxb6 axb6 15. Bg5 Nc7 16. Rfc1 Ne6 17. Bxf6 Bxf6 18. e3 Rd8 19. Nf4 Nxf4 20. gxf4 Be6 21. Kg1 Bf7 22. a4 h6 23. b3 exf3 24. Bxf3 g5 25. fxg5 Bxg5 26. Kf2 Re8 27. Nd1 f4 28. exf4 Bf6 29. Ra2 Bxd4+ 30. Kf1 Bc5 31. Nf2 Re3 32. Bd1 Bg6 33. Re2 d4 34. Ng4 Rxe2 35. Kxe2 Bf5 36. Kf3 Re8 37. Ne5 d3 38. Rc4 Be6 39. Rc3 Bd5+ 40. Kg4 Be4 41. Rc4 Rg8+ 42. Kh5 Bf5 43. b4 Rg2 44. h4 Bd6 45. Kxh6 Rg7 46. Rd4 Be7 0-1

[Event "New Delhi Parsvnath op 8th"]
[Site "New Delhi"]
[Date "2010.01.18"]
[Round "7"]
[White "Tilak, Sharad S"]
[Black "Bhagwat, Vinod"]
[Result "1-0"]
[WhiteElo "2318"]
[BlackElo "2170"]
[PlyCount "43"]
[EventDate "2010.01.14"]
[EventType "swiss"]
[EventRounds "11"]
[EventCountry "IND"]
[SourceTitle "CBM 134 Extra"]
[Source "ChessBase"]
[SourceDate "2010.03.03"]
[SourceVersion "1"]
[SourceVersionDate "2010.03.03"]
[SourceQuality "1"]

1. e4 c5 2. Nc3 Nc6 3. Bb5 e6 4. Bxc6 bxc6 5. d3 Qc7 6. f4 d6 7. Nf3 g6 8. 0-0 Bg7 9. Qe1 Ne7 10. Rb1 c4 11. dxc4 Ba6 12. b3 0-0 13. Na4 d5 14. Nc5 dxc4 15. Nxa6 Qb6+ 16. Be3 Qxa6 17. Qe2 Qxa2 18. Qxc4 c5 19. Ne5 Bxe5 20. fxe5 Rac8 21. Bh6 Rfe8 22. Qc3 1-0

[Event "New Delhi Parsvnath op 8th"]
[Site "New Delhi"]
[Date "2010.01.17"]
[Round "6"]
[White "Bhagwat, Vinod"]
[Black "Mohota, Nisha"]
[Result "1/2-1/2"]
[WhiteElo "2170"]
[BlackElo "2330"]
[PlyCount "58"]
[EventDate "2010.01.14"]
[EventType "swiss"]
[EventRounds "11"]
[EventCountry "IND"]
[SourceTitle "CBM 134 Extra"]
[Source "ChessBase"]
[SourceDate "2010.03.03"]
[SourceVersion "1"]
[SourceVersionDate "2010.03.03"]
[SourceQuality "1"]

1. d4 Nf6 2. c4 e6 3. Nc3 Bb4 4. Qc2 Nc6 5. Nf3 d6 6. Bg5 h6 7. Bd2 Qe7 8. a3 Bxc3 9. Bxc3 0-0 10. e3 e5 11. dxe5 dxe5 12. 0-0-0 Bg4 13. Be2 a5 14. Rhe1 Qe6 15. Nd2 Bxe2 16. Rxe2 a4 17. Kb1 Nd7 18. Ne4 f5 19. Ng3 Nb6 20. Red2 Nxc4 21. Rd7 Rae8 22. Nh5 Rf7 23. Rxf7 Qxf7 24. Ng3 Nd6 25. Bxe5 Nxe5 26. Rxd6 f4 27. exf4 Qxf4 28. Rd1 Nc6 29. Qg6 Rf8 1/2-1/2

[Event "New Delhi Parsvnath op 8th"]
[Site "New Delhi"]
[Date "2010.01.14"]
[Round "2"]
[White "Bhagwat, Vinod"]
[Black "Lalith, Babu MR"]
[Result "0-1"]
[WhiteElo "2170"]
[BlackElo "2457"]
[PlyCount "72"]
[EventDate "2010.01.14"]
[EventType "swiss"]
[EventRounds "11"]
[EventCountry "IND"]
[SourceTitle "CBM 134 Extra"]
[Source "ChessBase"]
[SourceDate "2010.03.03"]
[SourceVersion "1"]
[SourceVersionDate "2010.03.03"]
[SourceQuality "1"]

1. d4 Nf6 2. c4 e6 3. Nc3 Bb4 4. Qc2 0-0 5. e4 Bxc3+ 6. bxc3 d6 7. Bd3 e5 8. Ne2 h6 9. 0-0 Nc6 10. d5 Nb8 11. f3 Nbd7 12. Be3 b6 13. g4 Ba6 14. g5 hxg5 15. Bxg5 Qe8 16. Kh1 Nh7 17. Be3 Nc5 18. Rg1 Nxd3 19. Qxd3 Kh8 20. Ng3 Bc8 21. f4 Bg4 22. Raf1 f6 23. Bc1 Rd8 24. Rf2 Rg8 25. f5 g5 26. fxg6 Rxg6 27. Nf5 Bxf5 28. Rxf5 Rxg1+ 29. Kxg1 Qg6+ 30. Kf2 Rg8 31. Qg3 Qg4 32. Qxg4 Rxg4 33. Ke3 Rh4 34. Rf2 Rh3+ 35. Ke2 Ng5 36. Kd2 Nf3+ 0-1